| 000 | 01270nam a2200385 i 4500 | ||
|---|---|---|---|
| 001 | 55209 | ||
| 003 | KOSZ 005 | ||
| 005 | 20220615144300.0 | ||
| 008 | 081010s2007 pl a f f |000 0 pol d | ||
| 020 | _a8386890622 | ||
| 040 |
_cKOSZ 005 _aKOSZ 005 _dKOSZ 005/HR |
||
| 041 | 0 | _apol | |
| 044 | _aPOL | ||
| 046 | _k1999 | ||
| 080 | _a659.1 | ||
| 100 | 1 |
_aBudzyński, Wojciech _c(nauki ekonomiczne) _eAutor |
|
| 245 | 1 | 0 |
_aReklama : _btechniki skutecznej perswazji / _cWojciech Budzyński. |
| 260 |
_aWarszawa : _bWydawnictwo "Poltext", _c2007. |
||
| 300 |
_a217, [2] s. : _bfot., rys. ; _c24 cm. |
||
| 336 |
_2rdacontent _aTekst _btxt |
||
| 337 |
_2rdamedia _aBez urządzenia pośredniczącego _bn |
||
| 338 |
_2rdacarrier _aWolumin _bnc |
||
| 380 | _aKsiążki | ||
| 380 | _aPublikacje fachowe | ||
| 388 | _a1901-2000 | ||
| 388 | _a1989-2000 | ||
| 490 | 1 | _aWarsztaty Menedżerskie | |
| 504 | _aBibliogr. s. [219], spis wybranych aktów prawnych s. 215-217. | ||
| 658 | _aMedia i komunikacja społeczna | ||
| 650 | 4 | _aReklama | |
| 710 | 2 | _aWydawnictwo Poltext. | |
| 830 | 0 | _aWarsztaty Menedżerskie | |
| 856 |
_uhttp://koha.tu.koszalin.pl/cgi-bin/koha/opac-detail.pl?biblionumber=55209 _yKatalog online BPK |
||
| 942 |
_cKS _2UKD |
||
| 999 |
_c55209 _d55209 |
||